000 00944cam a2200277 a 4500
999 _c4033
_d4033
001 11924300
003 GBCCL
005 20241126110509.0
008 000228s2000 caua 001 0 eng
010 _a 00028084
020 _a0830725644 (trade paper)
040 _aDLC
_cDLC
_dDLC
050 0 0 _aBV4520
_b.A55 2000
082 0 0 _a253
_221
_bAND
100 1 _aAnderson, Neil T.,
_d1942-
_93947
245 1 0 _aVictory over the darkness /
_cNeil T. Anderson.
250 _a10th Anniversary ed., updated and expanded.
260 _aVentura, Calif. :
_bRegal,
_cc2000.
300 _a239 p. :
_bill. ;
_c22 cm.
500 _aIncludes index.
650 0 _aDiscipling (Christianity)
_94375
650 0 _aPastoral counseling.
_9547
906 _a7
_bcbc
_corignew
_d1
_eocip
_f20
_gy-gencatlg
942 _2ddc
_cBK
_04